000 00811nam a22002177a 4500
008 231208b |||||||| |||| 00| 0 eng d
020 _a9780199235704
040 _aCUZ
_beng
_cCUZ
_dCUZ
_erda
050 0 0 _aBF242 HOL
100 _aHole Graham.
245 1 0 _aFace processing:
_bPsychological neuropsychological and applied perspectives.
_cGraham Hole, Victoria Bourne.
264 _aNew york:
_bOxford University Press;
_c2010.
300 _axvii, 412 pages.
336 _aText
_btxt
337 _aunmediated
_bn
338 _2rda carrier
500 _aIncludes bibliographical references and index.
650 0 0 _aFacial representations
_aNeuroscience of face processing
_aTechnology and facial identification
942 _cOS
999 _c44992
_d44992